000 00365nam a2200133 a 4500
005 20140513081052.0
008 030203s19uu xx 00 eng d
050 _aP 362.7
_bKAR 2002
245 _aMga karapatan ng bata :
_b(the rights of the child).
260 _c2000.
_aMabuhay Boardgames,
300 _aPoster
650 _aChild rights--Poster
999 _c116358
_d116358